000 00402cam a22001217a 4500
008 180718b1987 xxu||||| |||| 00| 0 eng d
082 _aK5:U6x54 Si64
100 _aSingh, N.K.
245 _aHuman resource development in Indian public sector
_cby N.K. Singh
260 _aNew Delhi
_bStanding Conference of Public Enterprises
_c1987
300 _a74p.
650 _aTraining - Government enterprise - India
999 _c353334
_d353334